Giambologna : (Record no. 353306)
[ view plain ]
| 000 -LEADER | |
|---|---|
| fixed length control field | 00898 a2200277 4500 |
| 003 - CONTROL NUMBER IDENTIFIER | |
| control field | OSt |
| 005 - DATE AND TIME OF LATEST TRANSACTION | |
| control field | 20180116192401.0 |
| 008 - FIXED-LENGTH DATA ELEMENTS--GENERAL INFORMATION | |
| fixed length control field | 120702t xxu||||| |||| 00| 0 eng d |
| 010 ## - LIBRARY OF CONGRESS CONTROL NUMBER | |
| LC control number | 87015227 |
| 020 ## - INTERNATIONAL STANDARD BOOK NUMBER | |
| International Standard Book Number | 0918825393 : |
| 020 ## - INTERNATIONAL STANDARD BOOK NUMBER | |
| International Standard Book Number | 9780714829531 |
| 040 ## - CATALOGING SOURCE | |
| Transcribing agency | 0 |
| 082 00 - DEWEY DECIMAL CLASSIFICATION NUMBER | |
| Classification number | 730.924 |
| 100 1# - MAIN ENTRY--PERSONAL NAME | |
| Personal name | Avery, Charles. |
| 9 (RLIN) | 5067 |
| 245 10 - TITLE STATEMENT | |
| Title | Giambologna : |
| Remainder of title | the complete sculpture / |
| Statement of responsibility, etc. | Charles Avery ; principal photographs by David Finn. |
| 250 ## - EDITION STATEMENT | |
| Edition statement | 1st ed. |
| 260 ## - PUBLICATION, DISTRIBUTION, ETC. | |
| Place of publication, distribution, etc. | Mt. Kisco, N.Y. : |
| Name of publisher, distributor, etc. | Moyer Bell, |
| Date of publication, distribution, etc. | c1987. |
| 300 ## - PHYSICAL DESCRIPTION | |
| Extent | 288 p. : |
| Other physical details | ill. (some col.) ; |
| Dimensions | 31 cm. |
| 500 ## - GENERAL NOTE | |
| General note | Includes index. |
| 600 00 - SUBJECT ADDED ENTRY--PERSONAL NAME | |
| Personal name | Giambologna, |
| Dates associated with a name | 1529-1608 |
| 9 (RLIN) | 5068 |
| 650 10 - SUBJECT ADDED ENTRY--TOPICAL TERM | |
| Topical term or geographic name entry element | Sculpture, Italian |
| Chronological subdivision | 16th century |
| 9 (RLIN) | 5069 |
| 650 10 - SUBJECT ADDED ENTRY--TOPICAL TERM | |
| Topical term or geographic name entry element | Mannerism (Art) |
| Geographic subdivision | Italy |
| 9 (RLIN) | 5070 |
| 700 1# - ADDED ENTRY--PERSONAL NAME | |
| Personal name | Finn, David, |
| Dates associated with a name | 1921- |
| 9 (RLIN) | 5071 |
| 942 ## - ADDED ENTRY ELEMENTS (KOHA) | |
| Institution code [OBSOLETE] | SADA |
| Koha item type | Book |
| Call number prefix | 730.924 AVE 1987 |
| Source of classification or shelving scheme | |
| 952 ## - LOCATION AND ITEM INFORMATION (KOHA) | |
| -- | BOOK |
| Withdrawn status | Lost status | Source of classification or shelving scheme | Damaged status | Not for loan | Permanent Location | Current Location | Date acquired | Total Checkouts | Full call number | Barcode | Date last seen | Cost, replacement price | Price effective from | Koha item type |
|---|---|---|---|---|---|---|---|---|---|---|---|---|---|---|
| School of Art Design and Architecture (SADA) | School of Art Design and Architecture (SADA) | 06/29/2011 | 730.924 AVE 1987 | SADA0001432 | 08/05/2011 | 2400.00 | 08/05/2011 | Book |
